[Event "2nd Irena Warakomska Memorial-A"]
[Site "Suwalki"]
[Date "2018.08.02"]
[Round "2"]
[White "Krzywda, Andrzej"]
[Black "Kokoszczynski, Jan"]
[Result "0-1"]
[WhiteElo "2296"]
[BlackElo "2187"]
[Annotator "TA"]
[PlyCount "138"]
[EventDate "2018.08.01"]
[EventType "swiss"]
[EventCountry "POL"]
[SourceTitle "playchess.com"]
[Source "ChessBase"]
[SourceQuality "1"]

{[%evp 24,138,0,-6,40,-87,-87,-82,-82,-88,-79,-76,-81,-79,-76,-89,-75,-111,-73,-84,-58,-135,-139,-125,-127,-163,-151,-143,-91,-72,-76,-74,-70,-62,-11,-18,-34,-84,-66,-218,-150,-150,-151,-154,-158,-158,-158,-155,-148,-224,-208,-283,-286,-292,-254,-406,-437,-405,-152,-157,-33,-33,-33,-35,-25,-27,0,-33,-34,-212,-50,-109,-109,-144,-106,-147,-194,-374,-302,-273,-257,-268,0,0,0,0,0,0,0,0,0,0,0,0,0,0,0,-90,-90,-12843,-12844,-12844,-12844,-12844,-12845,-12845,-12846,-12846,-12847,-12848,-12848,-12850,-12849,-12850,-12849,-12851,-29993]} 1. e4 c5 2. Nf3 d6 3. d4 cxd4 4. Nxd4 Nf6 5. Nc3 a6 6. Be3 e5 7. Nb3 Be6 8. Qd2 Nbd7 9. O-O-O {B90: Sicilian Najdorf: Unusual White 6th moves, 6 Be3 Ng4 and 6 Be3 e5} Be7 10. f4 Qc7 (10... b5 11. Kb1 Qc7 12. h3 Nb6 13. Bxb6 Qxb6 14. Bd3 exf4 15. Qxf4 O-O 16. Nd5 Bxd5 17. exd5 {½-½ (39) Wei,Y (2728)-Areshchenko,A (2649) Khanty-Mansiysk 2017}) 11. f5 Bc4 12. Kb1 b5 13. g4 {LiveBook: 5 Games. Hoping for g5.} b4 {[#]} (13... h6 {with more complications.} 14. h4 b4 15. Bxc4 Qxc4 16. Nd5 Nxd5 17. exd5 Nf6) 14. g5 $146 (14. Bxc4 $14 {stays ahead.} Qxc4 15. Nd5 Nxd5 16. Qxd5 Qxd5 17. exd5) ({Predecessor:} 14. Bxc4 Qxc4 15. Nd5 Nxd5 16. exd5 a5 {½-½ (31) Mihok,O (2550)-Repka,C (2534) Le Castella 2018}) 14... Bxb3 $1 $17 15. gxf6 bxc3 ({Don't play} 15... Nxf6 $6 16. axb3 bxc3 17. Qxc3 $11) 16. Qxc3 Qxc3 17. bxc3 {[#]} Bxa2+ $1 {[%mdl 512]} 18. Kxa2 Nxf6 19. Bd3 O-O 20. Rb1 Rfc8 21. Rb7 Kf8 22. Kb2 (22. c4 $15) 22... d5 23. exd5 e4 24. Be2 Nxd5 25. Bd4 Rab8 ({Black should try} 25... Bf6 26. Bxf6 Nxf6) 26. Rb3 a5 27. Ra1 Ra8 28. Ra4 $1 Bc5 (28... Bd6 $15) 29. Bc4 Ne7 $36 {[%mdl 2048] Black fights for an advantage.} 30. Rb5 Rab8 31. Raxa5 $2 (31. Be5 $15 Rb6 32. Rxb6 Bxb6 33. Ba6) 31... Rxb5+ 32. Bxb5 Nxf5 33. Be5 {Black must now prevent Bd7.} Bd6 34. Bd7 Rb8+ $1 35. Kc1 Bxe5 36. Rxe5 {[%mdl 4096] Endgame KRB-KRN} (36. Bxf5 $17 {keeps fighting.} Re8 37. Ra4) 36... Nd6 $19 37. Bc6 f5 38. c4 g6 39. Bb5 (39. c5 $142 Nc4 40. Rd5) 39... Rc8 40. Ba6 Nxc4 $2 (40... Ra8 $19 {and Black stays clearly on top.} 41. Bb5 Rc8) 41. Rxe4 $17 fxe4 (41... Ra8 $17 42. Re6 Ne5 $1 {[%mdl 512]}) 42. Bxc8 $19 {KB-KN} Ke7 43. Ba6 Na5 44. Kd2 Kd6 45. Ke3 Ke5 46. Bb5 $2 (46. h4 $15) 46... g5 $2 (46... Nb7 $1 $19 47. Be2 Nd6) 47. Ba6 ({Better is} 47. c4 $1 $15) 47... g4 $17 48. Bb5 h6 {[%cal Bh7h6,Bh6h5,Bh5h4][%mdl 32]} 49. Ba6 h5 50. Bb5 $2 (50. c4) 50... h4 51. Be2 Kf5 $1 52. Ba6 Ke5 $2 (52... h3 $1 $19 53. Bc8+ Kg5 54. Kxe4 Nc4) 53. Be2 $1 $11 g3 54. hxg3 hxg3 55. Ba6 Kd5 {And now ...Nc4+ would win.} (55... g2 $5 56. Kf2 $8 Kd4 $11) 56. Bf1 Ke5 {...Nb7 is the strong threat.} 57. Ba6 Kf5 (57... Nc6 {keeps more tension.} 58. Bb7 Kd6 59. c3 Kd5 60. c4+ Kc5) 58. Bc8+ Kf6 59. Ba6 Ke5 {[#]} 60. Bf1 {[#]} (60. Bd3 $1 $11 {[%mdl 512]}) 60... Nb7 $1 $17 {[%cal Rb7d6]} 61. Bg2 $2 {[%mdl 8192]} (61. c4 $17) 61... Nd6 $19 {Black is clearly winning.} 62. Bh3 Nf5+ 63. Ke2 Nd4+ 64. Kd1 Kf4 65. c3 Ke3 66. Bg2 Kf2 67. Bh1 Nf3 68. c4 e3 {( -> ...e2+)} ({Worse is} 68... g2 {[#]} 69. Bxg2 $1 {[%mdl 512]} Kg3 70. Bh1 $11) 69. Bxf3 Kxf3 {Precision: White = 39%, Black = 57%.} 0-1

[Event "2nd Irena Warakomska Memorial-A"]
[Site "Suwalki"]
[Date "2018.08.02"]
[Round "2"]
[White "Sliwicka, Alicja"]
[Black "Lewtak, Dominik"]
[Result "0-1"]
[WhiteElo "2293"]
[BlackElo "2177"]
[Annotator "RC"]
[PlyCount "110"]
[EventDate "2018.08.01"]
[EventType "swiss"]
[EventCountry "POL"]
[SourceTitle "playchess.com"]
[Source "ChessBase"]
[SourceQuality "1"]
[TimeControl "40/5400+30:1800+30"]

1. e4 c5 2. Nf3 Nc6 3. d4 cxd4 4. Nxd4 Nf6 5. Nc3 e5 6. Ndb5 d6 7. Bg5 a6 8. Na3 b5 9. Nd5 Be7 10. Bxf6 Bxf6 11. c4 b4 12. Nc2 O-O 13. g3 a5 14. h4 Be6 15. Bh3 a4 16. Kf1 b3 17. axb3 axb3 18. Nce3 Rxa1 19. Qxa1 Nd4 20. Kg2 g6 21. Qa7 Bxd5 22. Nxd5 Bg7 23. Ra1 Qb8 24. Qe7 Re8 25. Qg5 Nc2 26. Ra6 Ne1+ 27. Kf1 Nd3 28. Bd7 Rf8 29. Bb5 Nc5 30. Ra1 Nxe4 31. Qe3 Nc5 32. Bc6 e4 33. Nc3 Qb4 34. Bd5 Bxc3 35. bxc3 b2 36. Rb1 Qb3 37. Qd2 Na4 38. Kg2 Qxc3 39. Qxc3 Nxc3 40. Rxb2 Nxd5 41. cxd5 Kg7 42. Rb6 Rd8 43. Rb4 f5 44. f3 exf3+ 45. Kxf3 Kf6 46. Rb7 h5 47. Kf4 Ra8 48. Rd7 Ra4+ 49. Kf3 Ke5 50. Rg7 Rg4 51. Ra7 Kxd5 52. Ra5+ Ke6 53. Ra6 Ke5 54. Ra1 d5 55. Ra5 f4 0-1

[Event "2nd Irena Warakomska Memorial-A"]
[Site "Suwalki"]
[Date "2018.08.02"]
[Round "2"]
[White "Nowak, Lukasz"]
[Black "Popiol, Michal"]
[Result "1-0"]
[WhiteElo "2280"]
[BlackElo "2164"]
[Annotator "TA"]
[PlyCount "51"]
[EventDate "2018.08.01"]
[EventType "swiss"]
[EventCountry "POL"]
[SourceTitle "playchess.com"]
[Source "ChessBase"]
[SourceQuality "1"]

{[%evp 19,51,26,37,0,0,0,0,0,0,0,65,66,66,72,81,75,222,113,458,456,444,433,567,559,558,548,732,722,711,689,1299,593,1295,1284]} 1. e4 e6 2. d4 d5 3. Nc3 Nf6 4. Bg5 dxe4 5. Nxe4 Be7 6. Bxf6 gxf6 7. Qd2 b6 {C13: French: Classical System: 4 Bg5 Be7, Alekhine-Chatard Attack} 8. O-O-O Bb7 9. Nc3 c6 10. Be2 Nd7 {LiveBook: 3 Games} 11. Bh5 f5 $146 ({Predecessor:} 11... Bd6 12. Ne4 Bc7 13. f4 Qe7 14. Nf3 O-O-O 15. Rhe1 {½-½ (37) Popov,I (2608)-Goryachkina,A (2505) Yaroslavl 2018}) 12. Nf3 {[%cal Bg1f3,Bf3g5,Bg5e6][%mdl 32]} Nf6 13. Bxf7+ Kxf7 14. Ng5+ Ke8 (14... Kg6 $1 $11) 15. Nxe6 $14 Qd7 16. Rhe1 Rg8 17. Qf4 Rxg2 (17... Kf7 $16 {keeps fighting.}) 18. Qxf5 $18 {And now Ne4 would win.} Kf7 $4 {[%mdl 8192] [#]} (18... Rg6 $16 {is tougher.}) 19. d5 $1 {White is clearly winning.} cxd5 20. Ne4 $1 {[%cal Re4f6]} Bc6 21. Nxf6 Bxf6 22. Qxh7+ Bg7 23. Rd4 Qxe6 24. Rf4+ Qf6 25. Rxf6+ Kxf6 26. Qh3 {Precision: White = 88%, Black = 32%.} 1-0

[Event "2nd Irena Warakomska Memorial-A"]
[Site "Suwalki"]
[Date "2018.08.02"]
[Round "2"]
[White "Bugalski, Michal"]
[Black "Walkusz, Witoslaw"]
[Result "0-1"]
[WhiteElo "2263"]
[BlackElo "2121"]
[Annotator "NA"]
[PlyCount "58"]
[EventDate "2018.08.01"]
[EventType "swiss"]
[EventCountry "POL"]
[SourceTitle "playchess.com"]
[Source "ChessBase"]
[SourceQuality "1"]
[TimeControl "40/5400+30:1800+30"]

1. c4 {[%emt 0:00:00]} Nf6 {[%emt 0:00:31]} 2. g3 {[%emt 0:00:06]} g6 {[%emt 0:00:20]} 3. Bg2 {[%emt 0:00:06]} d5 {[%emt 0:00:07]} 4. cxd5 {[%emt 0:01:54]} Nxd5 {[%emt 0:00:05]} 5. Nc3 {[%emt 0:00:05]} Nb6 {[%emt 0:01:10]} 6. Nf3 {[%emt 0:00:47]} Nc6 {[%emt 0:00:52]} 7. d3 {[%emt 0:03:09]} Bg7 {[%emt 0:00:20]} 8. a3 {[%emt 0:02:42]} O-O {[%emt 0:00:41]} 9. Be3 {[%emt 0:10:33]} e5 {[%emt 0:03:30]} 10. h4 {[%emt 0:04:48]} h5 {[%emt 0:14:54]} 11. Ng5 {[%emt 0:24:29]} Nd4 {[%emt 0:03:45]} 12. Nce4 {[%emt 0:07:57]} Nd5 {[%emt 0:05:08]} 13. Bxd4 {[%emt 0:04:35]} exd4 {[%emt 0:00:06]} 14. Qb3 {[%emt 0:01:02]} c6 {[%emt 0:04:06]} 15. O-O {[%emt 0:02:04]} Qe7 {[%emt 0:15:10]} 16. Rfe1 {[%emt 0:03:14]} Kh8 {[%emt 0:04:17]} 17. Rac1 {[%emt 0:09:26]} f6 {[%emt 0:04:17]} 18. Nh3 {[%emt 0:01:13]} Bh6 {[%emt 0:07:37]} 19. Rc4 {[%emt 0:08:22]} Bxh3 {[%emt 0:00:42]} 20. Bxh3 {[%emt 0:00:10]} f5 {[%emt 0:00:31]} 21. Nc5 {[%emt 0:04:22]} b6 {[%emt 0:03:00]} 22. Na6 {[%emt 0:02:25]} f4 {[%emt 0:02:31]} 23. Rxc6 {[%emt 0:05:47]} fxg3 {[%emt 0:00:11]} 24. fxg3 {[%emt 0:00:20]} Qe3+ {[%emt 0:03:19]} 25. Kh2 {[%emt 0:00:02]} Qf2+ {[%emt 0:03:49]} 26. Bg2 {[%emt 0:00:08]} Ne3 {[%emt 0:01:13]} 27. Rg1 {[%emt 0:00:06]} Ng4+ {[%emt 0:00:18]} 28. Kh1 {[%emt 0:00:04]} Qxg3 {[%emt 0:00:14]} 29. a4 {[%emt 0:00:03]} Qh2# {[%emt 0:00:13]} 0-1

[Event "2nd Irena Warakomska Memorial-A"]
[Site "Suwalki"]
[Date "2018.08.02"]
[Round "2"]
[White "Tomaszewski, Roman"]
[Black "Jankowiak, Tomasz"]
[Result "1-0"]
[WhiteElo "2258"]
[BlackElo "2117"]
[Annotator "NA"]
[PlyCount "61"]
[EventDate "2018.08.01"]
[EventType "swiss"]
[EventCountry "POL"]
[SourceTitle "playchess.com"]
[Source "ChessBase"]
[SourceQuality "1"]
[TimeControl "40/5400+30:1800+30"]

1. c4 {[%emt 0:00:00]} e5 {[%emt 0:00:00]} 2. g3 {[%emt 0:00:00]} Nf6 {[%emt 0:00:00]} 3. Bg2 {[%emt 0:00:25]} d5 {[%emt 0:00:09]} 4. cxd5 {[%emt 0:03:49]} Nxd5 {[%emt 0:00:07]} 5. Nc3 {[%emt 0:01:58]} Nb6 {[%emt 0:00:14]} 6. Nf3 {[%emt 0:17:02]} Nc6 {[%emt 0:00:07]} 7. O-O {[%emt 0:03:46]} Be7 {[%emt 0:00:33]} 8. d3 {[%emt 0:02:45]} O-O {[%emt 0:00:29]} 9. Be3 {[%emt 0:00:29]} Be6 {[%emt 0:03:20]} 10. Qc1 {[%emt 0:00:14]} Nd5 {[%emt 0:05:44]} 11. Rd1 {[%emt 0:20:32] A29: English Opening: Four Knights Variation with 4 g3} Qd7 {[%emt 0:17:18]} 12. Bd2 {[%emt 0:17:02]} (12. d4 Nxe3 13. fxe3 exd4 14. exd4 Bg4 15. d5 Bxf3 16. exf3 Ne5 17. Ne4 Bd6 18. Qc3 Qb5 {½-½ (26) Adhiban,B (2636)-Szabo,G (2548) Zalakaros 2015}) 12... f6 {[%emt 0:19:41]} 13. Ne4 $146 {[%emt 0:01:08]} ({Predecessor:} 13. a3 Rac8 14. Ne4 b6 15. b4 Nd4 16. Nxd4 exd4 17. e3 f5 18. exd4 fxe4 19. dxe4 Nf6 20. Be3 Bh3 21. f3 Bxg2 22. Kxg2 Qb5 23. e5 Qe2+ 24. Bf2 Ng4 25. Rf1 {0-1 (25) Espineira Gonzalez,P (2213)-Espineira Gonzalez,D (2371) Sanxenxo 2012}) 13... b6 {[%emt 0:01:40]} 14. a3 {[%emt 0:00:13]} a5 {[%emt 0:03:19]} 15. Nc3 {[%emt 0:02:35]} Rfc8 {[%emt 0:12:41]} 16. Qc2 {[%emt 0:03:23]} Nd4 {[%emt 0:02:52]} 17. Nxd4 {[%emt 0:00:07]} exd4 {[%emt 0:00:03]} 18. Nxd5 {[%emt 0:00:28]} Bxd5 {[%emt 0:00:06]} 19. Bxd5+ {[%emt 0:03:05]} Qxd5 {[%emt 0:00:06]} 20. Rac1 {[%emt 0:03:52]} c5 {[%emt 0:11:24]} 21. a4 {[%emt 0:04:59]} Rd8 {[%emt 0:08:44]} 22. e4 {[%emt 0:01:32]} dxe3 {[%emt 0:00:23]} 23. Bxe3 {[%emt 0:00:00]} Rac8 {[%emt 0:02:40]} 24. b3 {[%emt 0:00:00]} Kf7 {[%emt 0:02:14]} 25. Qc4 {[%emt 0:04:11]} Qe6 {[%emt 0:00:16]} 26. Qb5 {[%emt 0:06:35]} Rd5 $11 {[%emt 0:07:05]} 27. Re1 {[%emt 0:00:19]} c4 {[%emt 0:01:24]} 28. Qa6 {[%emt 0:00:27]} Rxd3 {[%emt 0:00:38]} 29. Bc5 {[%emt 0:00:57]} Bxc5 {[%emt 0:00:40]} 30. Rxe6 {[%emt 0:00:05]} Kxe6 {[%emt 0:00:14]} 31. Qxc8+ {[%emt 0:00:18]} 1-0

[Event "2nd Irena Warakomska Memorial-A"]
[Site "Suwalki"]
[Date "2018.08.02"]
[Round "2"]
[White "Mulet, Piotr"]
[Black "Lisowski, Krzysztof"]
[Result "1-0"]
[WhiteElo "2238"]
[BlackElo "2072"]
[Annotator "NA"]
[PlyCount "107"]
[EventDate "2018.08.01"]
[EventType "swiss"]
[EventCountry "POL"]
[SourceTitle "playchess.com"]
[Source "ChessBase"]
[SourceQuality "1"]
[TimeControl "40/5400+30:1800+30"]

1. e4 {[%emt 0:00:00]} c5 {[%emt 0:00:00]} 2. Nf3 {[%emt 0:00:00]} Nc6 {[%emt 0:00:00]} 3. c3 {[%emt 0:00:00]} d5 {[%emt 0:00:28]} 4. exd5 {[%emt 0:00:13]} Qxd5 {[%emt 0:00:07]} 5. d4 {[%emt 0:00:04]} Bg4 {[%emt 0:00:31]} 6. Be2 {[%emt 0:00:06]} cxd4 {[%emt 0:00:05]} 7. cxd4 {[%emt 0:00:33]} e6 {[%emt 0:00:07]} 8. Nc3 {[%emt 0:00:08]} Qa5 {[%emt 0:00:18]} 9. d5 {[%emt 0:00:59] B22: Sicilian: 2 c3} exd5 {[%emt 0:00:40]} 10. Nd4 {[%emt 0:00:05]} Bxe2 {[%emt 0:16:29]} 11. Qxe2+ {[%emt 0:00:29]} Be7 {[%emt 0:03:11]} 12. Nxc6 {[%emt 0:00:14]} bxc6 {[%emt 0:00:08]} 13. O-O {[%emt 0:00:09]} Rd8 {[%emt 0:33:17] [#]} 14. Bf4 $146 {[%emt 0:36:05]} ({Predecessor:} 14. Re1 d4 15. Ne4 Qb5 16. Qxb5 cxb5 {1-0 (39) Vysochin,S (2550)-Bogatyrev,S (2277) Yuzhny 2009}) 14... Nf6 {[%emt 0:15:56]} 15. Rfe1 {[%emt 0:01:00]} Rd7 {[%emt 0:00:06]} 16. Bd6 {[%emt 0:03:25]} Qd8 {[%emt 0:03:42]} 17. Bc5 {[%emt 0:00:49]} Kf8 {[%emt 0:06:35]} 18. Bd4 {[%emt 0:00:40]} c5 {[%emt 0:06:02]} 19. Be5 {[%emt 0:00:09]} h5 {[%emt 0:03:08]} 20. Rad1 {[%emt 0:01:36]} d4 {[%emt 0:06:21]} 21. Nb5 {[%emt 0:01:45]} Nd5 {[%emt 0:01:07]} 22. Qf3 {[%emt 0:01:52]} Rh6 {[%emt 0:00:37]} 23. Na3 {[%emt 0:02:18]} h4 {[%emt 0:00:39]} 24. h3 {[%emt 0:00:28]} Kg8 {[%emt 0:00:25]} 25. Nc4 {[%emt 0:00:16]} Bg5 {[%emt 0:01:11]} 26. Re2 {[%emt 0:04:19]} Re6 {[%emt 0:00:24]} 27. Rde1 {[%emt 0:00:13]} Nb6 {[%emt 0:01:18]} 28. Nd6 {[%emt 0:03:56]} Rdxd6 {[%emt 0:00:23]} 29. Bxd6 {[%emt 0:00:05]} Qxd6 {[%emt 0:00:21]} 30. Rxe6 {[%emt 0:00:05]} fxe6 {[%emt 0:00:03]} 31. Qg4 {[%emt 0:00:05]} Qf4 {[%emt 0:00:49]} 32. Qxe6+ {[%emt 0:00:10]} Kh7 {[%emt 0:00:31]} 33. Re4 {[%emt 0:01:45]} Qc1+ {[%emt 0:00:35]} 34. Kh2 {[%emt 0:00:05]} Bf4+ {[%emt 0:00:14]} 35. g3 {[%emt 0:00:05]} hxg3+ {[%emt 0:00:22]} 36. Kg2 {[%emt 0:00:08]} gxf2 {[%emt 0:01:14]} 37. Qf5+ {[%emt 0:00:15]} g6 {[%emt 0:00:22]} 38. Qf7+ {[%emt 0:02:58]} Kh6 {[%emt 0:00:06]} 39. Qxf4+ {[%emt 0:00:08]} Qxf4 {[%emt 0:00:03]} 40. Rxf4 {[%emt 0:00:00]} Kg5 {[%emt 0:00:00]} 41. Rxf2 {[%emt 0:00:23]} Nd5 {[%emt 0:05:11]} 42. Rf7 {[%emt 0:01:44]} Ne3+ {[%emt 0:12:46]} 43. Kf3 {[%emt 0:00:34]} Nc4 {[%emt 0:06:09]} 44. Rc7 {[%emt 0:03:06]} Nd2+ $18 {[%emt 0:01:51]} (44... Nxb2 45. Rxc5+ Kh4) 45. Ke2 {[%emt 0:00:38]} Ne4 {[%emt 0:00:09]} 46. Kd3 {[%emt 0:07:15]} Kf4 {[%emt 0:00:52]} 47. Rf7+ {[%emt 0:00:18]} Ke5 {[%emt 0:00:08]} 48. Rxa7 {[%emt 0:01:47]} Nf2+ {[%emt 0:03:36]} 49. Kc4 {[%emt 0:00:41]} d3 {[%emt 0:01:52]} 50. Rd7 {[%emt 0:00:55]} Ke4 {[%emt 0:01:52]} 51. Re7+ {[%emt 0:00:19]} Kf3 {[%emt 0:00:37]} 52. Rf7+ {[%emt 0:00:27]} Ke3 {[%emt 0:00:48]} 53. Rxf2 {[%emt 0:00:03]} Kxf2 {[%emt 0:00:09]} 54. Kxd3 {[%emt 0:00:04]} 1-0

[Event "2nd Irena Warakomska Memorial-A"]
[Site "Suwalki"]
[Date "2018.08.02"]
[Round "2"]
[White "Bukojemski, Adam"]
[Black "Leniart, Arkadiusz"]
[Result "*"]
[WhiteElo "2233"]
[BlackElo "2498"]
[Annotator "TA"]
[PlyCount "25"]
[EventDate "2018.08.01"]
[EventType "swiss"]
[EventCountry "POL"]
[SourceTitle "playchess.com"]
[Source "ChessBase"]
[SourceQuality "1"]

{[%evp 9,24,34,30,27,27,30,30,30,30,30,34,31,41,33,24,34,29]} 1. e4 e5 {[%cal Be7e5,Be5d4,Bd4c3][%mdl 32]} 2. Nf3 Nc6 3. Nc3 Nf6 4. Bb5 Be7 5. O-O Nd4 (5... d6 6. d4 exd4 7. Nxd4 Bd7 8. Nxc6 bxc6 9. Bd3 O-O 10. f4 Re8 11. b3 d5 12. e5 Bc5+ 13. Kh1 Ng4 14. Qe1 Bd4 15. h3 Re6 16. Rb1 Rh6 17. Ne2 Bb6 18. f5 Qh4 19. Bxh6 Qxh6 20. Qg3 Ne3 21. Rf4 g6 22. e6 fxe6 23. fxg6 e5 24. gxh7+ Kh8 25. Rf7 {1-0 (25) Bellahcene,B (2481)-Duboue,P (2403) Agen 2017}) 6. Nxd4 {C48: Four Knights: 4 Bb5, replies other than 4...Bb4} exd4 7. e5 dxc3 8. exf6 {White has an edge.} Bxf6 9. Re1+ Be7 10. Qe2 c6 11. Bd3 d5 12. dxc3 Be6 {Predecessor:} 13. Bf4 $146 *

[Event "2nd Irena Warakomska Memorial-A"]
[Site "Suwalki"]
[Date "2018.08.02"]
[Round "2"]
[White "Sliwicki, Damian"]
[Black "Yevseev, Denis"]
[Result "1-0"]
[WhiteElo "2220"]
[BlackElo "2513"]
[Annotator "TA"]
[PlyCount "187"]
[EventDate "2018.08.01"]
[EventType "swiss"]
[EventCountry "POL"]
[SourceTitle "playchess.com"]
[Source "ChessBase"]
[SourceQuality "1"]

{[%evp 17,187,0,0,0,-1,-15,-12,-24,-23,-9,-16,-33,-33,-30,-22,-59,-29,-42,-22,-24,0,-79,-50,-54,-37,-34,-35,-34,-32,-33,-33,-39,-33,-41,-24,-35,-36,-51,0,-6,0,0,21,0,49,0,0,0,0,0,0,0,0,-10,0,-14,-8,-13,0,0,0,0,0,-15,-15,-20,-21,-22,-31,-16,-16,-16,-15,-15,-15,-20,-14,-31,-17,-48,-48,-48,-48,-48,-48,-48,-48,-48,-11,-48,-35,-48,-11,-16,-11,-11,-11,-11,-11,-11,0,0,0,0,0,0,0,0,0,-9,-9,-9,-9,-9,-9,-9,0,0,0,0,0,-11,-11,-11,-11,-11,-11,-11,-11,-11,-11,-11,-11,-62,-11,-62,-11,-11,-10,-11,-11,-11,-11,-11,-11,-11,-11,-11,-10,-10,-10,-10,29945,29945,29948,29946,29947,29946,29948,29946,29947,29948,29944,29948,29950,29952,29952,29945,29939,7451,7006,5962]} 1. e4 c6 2. Nc3 d5 3. Nf3 Bg4 4. h3 Bxf3 5. Qxf3 e6 6. d3 Nd7 7. Qg3 {B11: Caro-Kann: Two Knights Variation} (7. Bd2 Qb6 8. O-O-O Bd6 9. h4 Ne7 10. h5 Be5 11. h6 g6 12. Na4 Qc7 13. Nc3 Rc8 14. Ne2 c5 15. exd5 Nxd5 {0-1 (25) Liang,A (2572)-Mamedyarov,S (2804) chess.com INT 2018}) 7... g6 8. Be2 Bg7 9. O-O Ne7 {LiveBook: 13 Games} 10. Qh4 O-O 11. Bg5 $146 ({Predecessor:} 11. Bh6 d4 12. Bxg7 Kxg7 13. Nd1 Ng8 14. Qg3 Qe7 {½-½ (46) Fecke,A-Schroeder,W (2160) Germany 1994}) 11... f6 12. Bh6 Bxh6 13. Qxh6 f5 14. Rae1 Qb6 15. Nd1 Rae8 16. exd5 exd5 17. h4 Qd4 18. c3 Qf6 (18... Qg7 {feels hotter.} 19. Qf4 Nc8 20. Ne3 Nc5 21. Qb4 Ne6) 19. f4 (19. d4 $11) 19... Nc8 (19... d4 {keeps more tension.} 20. h5 Nc5 21. c4 a5 22. a3 a4) 20. Qg5 Nd6 21. Qxf6 Rxf6 22. Bf3 Rfe6 23. Kf2 Nc5 24. Rxe6 Rxe6 25. Be2 a5 26. Re1 a4 27. Bf1 {[#]} a3 $1 {[%mdl 512]} 28. bxa3 Kf7 29. Rxe6 Nxe6 $11 {[%mdl 4096] Endgame KBN-KNN} 30. g3 d4 31. c4 Nc5 32. Ke2 Ne8 33. Nf2 Nf6 34. Nh3 Ke7 35. Ng5 Na4 $1 36. Kf2 c5 37. Bh3 Nc3 38. h5 Nxh5 39. Nxh7 Nxa2 40. Bf1 Nc3 41. Ng5 b6 42. Bh3 Nd1+ 43. Kf3 Nf6 44. Ke2 Ne3 45. Nf3 Nd7 46. Kd2 Kf6 47. Kc1 Nf8 48. Kd2 Ne6 49. Ne1 g5 50. fxg5+ Nxg5 51. Bg2 $1 Ne6 52. Bh3 Ng7 {White should prevent ...Nh5.} 53. Ke2 Nh5 54. Kf3 Ke5 55. Ng2 Nxg2 56. Bxg2 {KB-KN} Ng7 57. g4 fxg4+ 58. Kxg4 Ne6 59. Be4 Nf4 60. Kf3 Nh3 61. Bc6 Ng5+ 62. Kg4 Nf7 63. Be8 Nh6+ 64. Kf3 Nf5 65. Bc6 Ne3 66. Ba4 Nf5 67. Bd7 Nh4+ 68. Kg3 Ng6 {And now ...Nf4 would win.} 69. Bc6 Nf4 70. Be4 Ne2+ 71. Kf3 Nc3 72. Bc6 Nb1 73. a4 Nc3 74. Be8 Na2 75. Bg6 ({Better is} 75. Ke2 $11) 75... Nb4 (75... Kd6 $15) 76. Be4 (76. Ke2 $11) 76... Nc2 (76... Kd6 $1 $15) 77. Bc6 Ne3 78. Be4 Kd6 79. Bg6 Kd7 80. Ke2 $1 Ke7 81. Be4 Kd6 82. Bg6 Ke5 83. Kf3 Nd1 84. Be8 $1 Nb2 $2 {[%mdl 8192]} (84... Nc3 $11) 85. Ke2 Kf4 86. Bd7 Kg3 87. Kd2 Kf2 88. Bc6 Kf1 89. Be8 Kf2 90. Kc2 Ke3 91. Kxb2 Kxd3 92. Kb3 Kd2 93. Bg6 (93. Bh5 $142 Kd3 94. Bf7 Ke3 {[#]} 95. a5 $1 {[%mdl 512]} bxa5 96. Ka4 Ke4 97. Kxa5 Kf5 98. Kb5) 93... d3 $18 94. Bf5 {Precision: White = 60%, Black = 61%.} 1-0

[Event "2nd Irena Warakomska Memorial-A"]
[Site "Suwalki"]
[Date "2018.08.02"]
[Round "2"]
[White "Fus, Jakub"]
[Black "Grib, Roman"]
[Result "1/2-1/2"]
[WhiteElo "2210"]
[BlackElo "2431"]
[Annotator "TA"]
[PlyCount "58"]
[EventDate "2018.08.01"]
[EventType "swiss"]
[EventCountry "POL"]
[SourceTitle "playchess.com"]
[Source "ChessBase"]
[SourceQuality "1"]

{[%evp 21,58,10,6,5,1,0,0,0,7,0,-18,-58,-41,-41,-43,-73,-45,-62,-60,-41,-63,-50,-10,-43,0,0,0,0,0,0,0,0,0,0,0,0,0,0,0]} 1. e4 {Gofshtein,L} c5 2. Nf3 Nc6 3. Bb5 Nf6 4. Bxc6 dxc6 5. d3 g6 6. O-O Bg7 7. Nc3 Bg4 8. h3 Bxf3 9. Qxf3 Nd7 {[%cal Bf6d7,Bd7f8,Bf8e6][%mdl 32] B31: Sicilian: 2...Nc6 3 Bb5 g6} 10. Qe2 e5 11. Be3 Qe7 {LiveBook: 6 Games} 12. Qd2 $146 ({Predecessor:} 12. a3 O-O 13. Kh1 b6 14. Qd2 {1-0 (79) Jakovenko,D (2582)-Filippov,V (2639) Tomsk 2004 CBM 102 [Gofshtein,L]}) 12... Nf8 13. Bh6 Bxh6 14. Qxh6 {aiming for Qg7.} Ne6 15. Ne2 O-O-O 16. f4 {[#]} c4 $1 {[%mdl 512]} 17. fxe5 (17. dxc4 Rd2) 17... cxd3 18. cxd3 Rxd3 19. Nf4 $1 {[%cal Rf4d3]} Rd7 20. Nxe6 Qxe6 21. Qg7 Re8 (21... Rhd8 {looks sharper.} 22. Rf2 Rd1+ 23. Rf1 Rxa1 24. Rxa1 h5) 22. Qxh7 Qxe5 23. Rxf7 {The position is equal.} Qxb2 24. Rxd7 Qxa1+ $11 {KQR-KQR} 25. Kh2 {[#] White threatens Rc7+ and mate.} Qe5+ 26. Kg1 Qg3 27. Rxb7 {[%csl Gb7][%cal Rh7d7]} Qe3+ $1 28. Kh1 {[%csl Gb7][%cal Rh7d7]} Qc1+ 29. Kh2 {[%csl Gb7][%cal Rh7d7]} Qf4+ 1/2-1/2